000 00595nam a22001937a 4500
003 OSt
005 20140310182509.0
008 130808t xxu||||| |||| 00| 0 eng d
020 _a9789715064385
050 _aPL 6063.P62
_b.P415 2008 vol.1
100 _aPerez, Tony
_98980
245 _aPagkamulat sa kastilyo :
_btatlong dulang pambata /
_cTony Perez.
260 _aManila :
_bUST Publishing House,
_cc2008.
300 _a361 p. :
_c23 cm.
650 _aPhilippine drama ( Filipino ).
_98981
650 _aChildren's theater
_xCollections.
_98982
942 _2lcc
_cSSLC
999 _c13895
_d13895